00527 2200193 4500001002100000005001700021008004100038035002400079082000800103090001500111100002000126245005500146250001200201260003500213300002600248650003500274852001200309990001200321YOGYA-0512000000095820120531005555.0 ind  0010-051200000000958 a751 a751bMee S aMEERE, J. A. P. aHet schilder sambacht / verstoffen / J. A. P Meere acet. 3. a[S.L]bN. H. Ten Brinksc[s.a] a222 hlm.bilusc19 cm aKesenian - Teknik dan prosedur aYOPDYOG a52243-a